Poder hablar del dolor sin consuelo /
Gorde:
| Egile nagusia: | |
|---|---|
| Formatua: | Texto |
| Gaiak: | |
| Etiketak: |
Etiketa erantsi
Etiketarik gabe, Izan zaitez lehena erregistro honi etiketa jartzen!
|
MARC
| LEADER | 00000 a a2200000 04500 | ||
|---|---|---|---|
| 001 | 8730 | ||
| 003 | |||
| 040 | |||
| 100 | |a Schumacher, Mario Marcos | ||
| 245 | |a Poder hablar del dolor sin consuelo / |c Mario Marcos Schumacher | ||
| 650 | |a PSICOANALISIS | ||
| 773 | |g número 11; páginas 129-139 | ||
| 999 | |c 39434 |d 39434 | ||
